الحج الى الكعبة والرحلة الى تشارينغ كروس (Record no. 32357)
[ view plain ]
| 000 -LEADER | |
|---|---|
| fixed length control field | 00889nam a2200217Ii 4500 |
| 003 - CONTROL NUMBER IDENTIFIER | |
| control field | JO-AjNU |
| 008 - FIXED-LENGTH DATA ELEMENTS--GENERAL INFORMATION | |
| fixed length control field | 230605s9999||||xx |||||||||||||| ||und|| |
| 017 ## - COPYRIGHT OR LEGAL DEPOSIT NUMBER | |
| Copyright or legal deposit number | 1441/11712 |
| 020 ## - INTERNATIONAL STANDARD BOOK NUMBER | |
| International Standard Book Number | 978-6030-34-616-5 |
| 040 ## - CATALOGING SOURCE | |
| Original cataloging agency | JO-AjNU |
| Language of cataloging | ara |
| Description conventions | rda |
| Transcribing agency | JO-AjNU |
| 041 ## - LANGUAGE CODE | |
| Language code of text/sound track or separate title | ara |
| 050 14 - LIBRARY OF CONGRESS CALL NUMBER | |
| Classification number | G490.A3125.2019 |
| 100 3# - MAIN ENTRY--PERSONAL NAME | |
| Personal name | حسن، حافظ احمد ؛ دراسة وتحقيق احمد حامد القضاة، دراسة وتحقثق احمد عبد العزيز العيدي؛ ترجمة يارا عمرو محمد اللقطه, |
| Relator term | author |
| 9 (RLIN) | 63464 |
| 245 00 - TITLE STATEMENT | |
| Title | الحج الى الكعبة والرحلة الى تشارينغ كروس |
| 250 ## - EDITION STATEMENT | |
| Edition statement | ط1 |
| 300 ## - PHYSICAL DESCRIPTION | |
| Extent | 241ص |
| 336 ## - CONTENT TYPE | |
| Content type term | text |
| Content type code | txt |
| Source | rdacontent |
| 337 ## - MEDIA TYPE | |
| Media type term | unmediated |
| Media type code | n |
| Source | rdamedia |
| 338 ## - CARRIER TYPE | |
| Carrier type term | volume |
| Carrier type code | nc |
| Source | rdacarrier |
| 650 #4 - SUBJECT ADDED ENTRY--TOPICAL TERM | |
| Topical term or geographic name entry element | رحلات الحج-الحج-وصف ورحلات-بريطانيا-وصف ورحلات |
| 9 (RLIN) | 63465 |
| Withdrawn status | Lost status | Source of classification or shelving scheme | Damaged status | Not for loan | Home library | Current library | Shelving location | Date acquired | Total Checkouts | Full call number | Barcode | Date last seen | Price effective from | Koha item type |
|---|---|---|---|---|---|---|---|---|---|---|---|---|---|---|
| Library of Congress Classification | مكتبة جامعة عجلون الوطنية | مكتبة جامعة عجلون الوطنية | المجموعات العامة | 06/06/2023 | G490.A3125.2019 | A28789 | 06/06/2023 | 06/06/2023 | Books |